000 00373nam a2200133Ia 4500
008 210210b1981 xxu||||| |||| 00| 0 eng d
082 _a338.954 SINP
100 _aSINGH (Ajit Kumar).
245 _aPatterns of regional development: a comparative study.
260 _aND
_bSterling Publishers Pvt Ltd
_c1981
300 _a301
690 _aIndian Economics
906 _a035592
999 _c86450
_d86450